House of Cards Characters - Statistics

General Stats
  • This quiz has been taken 84 times
  • The average score is 11 of 52
Answer Stats
Hint Answer % Correct
65 Frank Underwood
100%
73 Claire Underwood
97%
72 Doug Stamper
73%
14 Zoe Barnes
65%
24 Garrett Walker
61%
12 Peter Russo
49%
33 Remy Danton
48%
25 Jackie Sharp
42%
7 Tricia Walker
42%
9 Eric Rawlings / Augustus Underwood
37%
35 Edward Meechum
34%
16 Raymond Tusk
32%
49 Seth Grayson
32%
21 Bob Birch
31%
38 Catherine Durant
31%
30 Tom Hammerschmidt
28%
17 Lucas Goodwin
27%
19 Rachel Posner
24%
13 Viktor Petrov
21%
15 Will Conway
21%
17 Donald Blythe
17%
20 Heather Dunbar
17%
19 Mark Usher
17%
27 Thomas Yates
15%
19 Janine Skorsky
13%
6 Jim Matthews
13%
25 Leann Harvey
13%
25 Nathan Green
13%
18 Terry Womack
13%
17 Christina Gallagher
10%
5 Xander Feng
10%
16 Gavin Orsay
8%
7 Annette Shepherd
7%
7 Bill Shepherd
7%
7 Adam Galloway
6%
6 Duncan Shepherd
6%
18 Linda Vazquez
6%
3 Marty Spinella
6%
5 Elizabeth Hale
4%
15 Freddy Hayes
4%
11 Jane Davis
4%
11 Lisa Williams
4%
14 Aidan Macallan
3%
9 Alex Romero
3%
9 Kate Baldwin
3%
14 Nancy Kaufberger
1%
11 Ayla Sayyad
0%
11 Gillian Cole
0%
7 Laura Moretti
0%
14 Max Braegher
0%
10 Sean Jeffries
0%
11 Ted Brockhart
0%
No matching quizzes found
Score Distribution
Percent of People with Each Score
Percentile by Number Answered
Your Score History
You have not taken this quiz